[Event "Dhaka Chowdhury Memorial op-B 2nd"]
[Site "Dhaka"]
[Date "2022.07.08"]
[Round "9"]
[White "Sabya, Sachi"]
[Black "Zia, Uddin"]
[Result "0-1"]
[WhiteElo "1839"]
[BlackElo "1663"]
[PlyCount "34"]
[EventDate "2022.07.02"]
[EventType "swiss"]
[EventRounds "9"]
[EventCountry "BAN"]
[SourceTitle "EXT 2024"]
[Source "ChessBase"]
[SourceDate "2023.10.10"]
[SourceVersion "1"]
[SourceVersionDate "2023.10.10"]
[SourceQuality "1"]

1. e4 c5 2. Nf3 e6 3. d4 cxd4 4. Nxd4 Nc6 5. Be3 a6 6. a3 Nf6 7. f3 Qc7 8. Nc3 b5 9. Qd2 b4 10. axb4 Bxb4 11. Ra4 Qb8 12. Nxc6 dxc6 13. Bf4 Bxc3 14. Qxc3 Qxf4 15. Qxc6+ Ke7 16. e5 Qxe5+ 17. Be2 Bd7 0-1

[Event "Dhaka Chowdhury Memorial op-B 2nd"]
[Site "Dhaka"]
[Date "2022.07.03"]
[Round "3"]
[White "Md Sagor"]
[Black "Zia, Uddin"]
[Result "1-0"]
[WhiteElo "1997"]
[BlackElo "1663"]
[PlyCount "87"]
[EventDate "2022.07.02"]
[EventType "swiss"]
[EventRounds "9"]
[EventCountry "BAN"]
[SourceTitle "EXT 2023"]
[Source "ChessBase"]
[SourceDate "2022.10.05"]
[SourceVersion "1"]
[SourceVersionDate "2022.10.05"]
[SourceQuality "1"]

1. e4 c5 2. Nf3 e6 3. d4 cxd4 4. Nxd4 Nc6 5. Nc3 Qc7 6. Be3 a6 7. Bd3 Nf6 8. 0-0 Ne5 9. Be2 Bb4 10. f4 Nc4 11. Bxc4 Qxc4 12. e5 Bxc3 13. exf6 gxf6 14. bxc3 Qxc3 15. Qd3 Qc7 16. Rf3 b5 17. Rh3 f5 18. Nf3 Bb7 19. Bd4 Be4 20. Qe3 Rg8 21. c3 Rg4 22. Rxh7 Ke7 23. g3 d6 24. Ng5 Rxg5 25. fxg5 Rg8 26. Bf6+ Ke8 27. a4 Qb7 28. axb5 f4 29. bxa6 Qb2 30. Qxe4 Qxa1+ 31. Kg2 Qxa6 32. gxf4 d5 33. Qe5 Qb7 34. Qd4 Qb2+ 35. Qf2 Qb1 36. Rh3 Qe4+ 37. Rf3 Kd7 38. Qa7+ Kc6 39. Qa6+ Kc7 40. Be5+ Kd7 41. Qb7+ Ke8 42. Bf6 Qe2+ 43. Kg3 Qe1+ 44. Kh3 1-0